[Event "Oslo Chess Festival 2017 "]
[Site "Quality Hotel Expo, Fornebu"]
[Date "2017.09.29"]
[Round "7.31"]
[White "Nygaard, Karl Magnus"]
[Black "Lindblom, Roar"]
[Result "0-1"]
[WhiteElo "1661"]
[BlackElo "1940"]
[PlyCount "82"]
[EventDate "2017.??.??"]

1. e4 e5 2. Nf3 Nc6 3. Bb5 a6 4. Ba4 d6 5. c3 Bd7 6. d4 Nf6 7. Qd3 Be7 8. O-O
O-O 9. Bc2 exd4 10. Nxd4 Ne5 11. Qe2 c5 12. f4 cxd4 13. fxe5 dxe5 14. cxd4 Bb5
15. Qf2 Bxf1 16. Qxf1 Qxd4+ 17. Kh1 Ng4 18. h3 Nf2+ 19. Kh2 Rac8 20. Nc3 f5 21.
exf5 e4 22. Bb3+ Kh8 23. Be6 Bd6+ 24. g3 Rce8 25. Ne2 Qb6 26. Nf4 Bxf4 27. Bxf4
Qxb2 28. Qg2 Qxa1 29. Qxf2 Rd8 30. h4 Rd1 31. Be3 Rfd8 32. Bb3 Rh1+ 33. Kg2 Rd3
34. f6 gxf6 35. Qf4 Rd8 36. Bc4 Rhd1 37. Qxe4 Qc3 38. Bb3 R1d3 39. Qe7 Qc6+ 40.
Kf2 Re8 41. Qb4 Rdxe3 0-1

[Event "Oslo Chess Festival 2017 "]
[Site "Quality Hotel Expo, Fornebu"]
[Date "2017.09.29"]
[Round "7.38"]
[White "Wright, Haakon"]
[Black "Kleinert, Juergen"]
[Result "1/2-1/2"]
[WhiteElo "1795"]
[BlackElo "1918"]
[PlyCount "142"]
[EventDate "2017.??.??"]

1. e4 e5 2. Nf3 Nf6 3. Nc3 Nc6 4. Bb5 d6 5. h3 a6 6. Bxc6+ bxc6 7. d4 exd4 8.
Qxd4 c5 9. Qd3 Bb7 10. Bg5 Be7 11. O-O O-O 12. Rfe1 h6 13. Bh4 g5 14. Bg3 Nh5
15. Bh2 Qd7 16. e5 c4 17. Qd1 Ng7 18. exd6 Bxd6 19. Ne5 Qf5 20. Ng4 Bxh2+ 21.
Kxh2 Kh7 22. Re5 Qg6 23. Qe2 f5 24. Ne3 f4 25. Nxc4 f3 26. gxf3 Rxf3 27. Nd2
Rf7 28. Nde4 Raf8 29. Rf1 Nh5 30. Re6 Nf4 31. Rxg6 Nxe2 32. Rf6 Nd4 33. Rxf7+
Rxf7 34. Nc5 Bc8 35. N3e4 Nf3+ 36. Kg3 Nh4 37. Nd2 Rf5 38. Nd3 Rf6 39. f4 Nf5+
40. Kh2 Ne3 41. Rf3 gxf4 42. Rxf4 Rxf4 43. Nxf4 Nxc2 44. Nd5 c6 45. Nc3 Be6 46.
a3 Kg6 47. Kg3 Ne1 48. Nde4 Nd3 49. b4 Bc8 50. Na4 h5 51. h4 Bf5 52. Nac5 Bxe4
53. Nxe4 Ne1 54. Nc5 Nc2 55. Nxa6 Nxa3 56. Nb8 Nb5 57. Nxc6 Kf5 58. Kf3 Kf6 59.
Kf4 Kg6 60. Ne7+ Kf6 61. Nf5 Nc7 62. Ne3 Nb5 63. Ke4 Ke6 64. Nf5 Nc3+ 65. Kd3
Nd5 66. Nd4+ Ke5 67. b5 Kd6 68. Nf5+ Kc5 69. Ng3 Nf4+ 70. Ke3 Ng6 71. Nxh5 Nxh4
1/2-1/2

[Event "Oslo Chess Festival 2017 "]
[Site "Quality Hotel Expo, Fornebu"]
[Date "2017.09.29"]
[Round "7.39"]
[White "Roque Sola, Andrea"]
[Black "Roque Sola, Maria Fernanda"]
[Result "1/2-1/2"]
[WhiteElo "1900"]
[BlackElo "1746"]
[PlyCount "69"]
[EventDate "2017.??.??"]

1. c4 c5 2. Nc3 g6 3. g3 Bg7 4. Bg2 e6 5. e3 Nc6 6. Nge2 Nge7 7. Nf4 O-O 8. h4
e5 9. Nfd5 f5 10. d3 d6 11. Bd2 Be6 12. Qe2 Nb4 13. Nxb4 cxb4 14. Nd5 Bxd5 15.
cxd5 Qb6 16. O-O Rac8 17. Qd1 a5 18. Qb3 Qa6 19. Rfc1 e4 20. Bf1 Qa8 21. a3 b5
22. dxe4 bxa3 23. Qxa3 Rxc1 24. Bxc1 fxe4 25. Qxd6 Nxd5 26. Bxb5 Nf6 27. Qe6+
Kh8 28. b4 Nd5 29. Rxa5 Qd8 30. Bd2 Nc7 31. Qa2 Nxb5 32. Rxb5 Qd3 33. Ra5 Qe2
34. Ra8 Qxf2+ 35. Kh1 1/2-1/2

[Event "Oslo Chess Festival 2017 "]
[Site "Quality Hotel Expo, Fornebu"]
[Date "2017.09.29"]
[Round "7.44"]
[White "TunsjÃ¸, Axel"]
[Black "Melaa, Sondre LillestÃ¸l"]
[Result "1-0"]
[WhiteElo "1519"]
[BlackElo "1883"]
[PlyCount "75"]
[EventDate "2017.??.??"]

1. e4 e5 2. Nf3 Nc6 3. Bc4 Bc5 4. O-O Nf6 5. d3 O-O 6. Re1 a6 7. a4 d6 8. c3
Ba7 9. Nbd2 Ng4 10. Re2 Kh8 11. h3 f5 12. Nf1 Nf6 13. b4 fxe4 14. dxe4 Qe8 15.
Kh2 Nh5 16. Qd3 Nf4 17. Bxf4 Rxf4 18. Ne3 Bxh3 19. Nd5 Bxg2 20. Nxf4 Bxf3 21.
Ng6+ Qxg6 22. Qxf3 Qh6+ 23. Kg2 Qf4 24. Rh1 Qxf3+ 25. Kxf3 Rf8+ 26. Kg3 h6 27.
Bd5 Rf6 28. b5 axb5 29. axb5 Na5 30. Ra1 b6 31. Re3 g5 32. Rf3 Rxf3+ 33. Kxf3
Kg7 34. Kg4 Kg6 35. Rh1 Bb8 36. Rh3 Ba7 37. Rf3 h5+ 38. Kg3 1-0

[Event "Oslo Chess Festival 2017 "]
[Site "Quality Hotel Expo, Fornebu"]
[Date "2017.09.29"]
[Round "7.41"]
[White "Omtvedt, Per"]
[Black "Larre, Linnea"]
[Result "1-0"]
[WhiteElo "1880"]
[BlackElo "1426"]
[PlyCount "119"]
[EventDate "2017.??.??"]

1. c4 c5 2. Nf3 Nf6 3. g3 Nc6 4. Bg2 g6 5. O-O Bg7 6. Nc3 O-O 7. d4 cxd4 8.
Nxd4 Qb6 9. Nb3 d6 10. Bg5 Be6 11. Nd5 Bxd5 12. cxd5 Ne5 13. Be3 Qa6 14. Bd4
Ned7 15. Bc3 Nb6 16. e4 Rac8 17. Re1 Rfd8 18. Ba5 Re8 19. Bf1 Nc4 20. Bc3 b5
21. Nd4 Rb8 22. Qb3 Qb6 23. Qxb5 Qxb5 24. Nxb5 Rxb5 25. Bxc4 Rc5 26. Bb3 Rb8
27. f3 Nd7 28. Bxg7 Kxg7 29. Kf2 a5 30. Re2 Ne5 31. Rd1 Rbb5 32. f4 Ng4+ 33.
Kf3 Nf6 34. e5 Nd7 35. Ba4 Rb7 36. Bc6 Rc7 37. Bxd7 Rxd7 38. b3 Rb5 39. exd6
exd6 40. Rc2 Kf6 41. Rc4 Re7 42. Rc6 Rd7 43. Rd4 Ke7 44. Ke4 f5+ 45. Kd3 Ra7
46. Rcc4 Kd7 47. Kc3 Rab7 48. Rd3 Rc5 49. Rxc5 dxc5 50. Kc4 Kd6 51. a3 Rb8 52.
Re3 Rc8 53. Re6+ Kd7 54. Ra6 Rc7 55. Rxa5 Kd6 56. Ra6+ Kd7 57. Rf6 Ke8 58. Rc6
Rb7 59. Rxc5 Kd7 60. b4 1-0

[Event "Oslo Chess Festival 2017 "]
[Site "Quality Hotel Expo, Fornebu"]
[Date "2017.09.29"]
[Round "7.32"]
[White "Tenold, Andreas"]
[Black "Huse, Sigurd KjelsbÃ¸l"]
[Result "0-1"]
[WhiteElo "1625"]
[BlackElo "1876"]
[PlyCount "64"]
[EventDate "2017.??.??"]

1. e4 e5 2. Nf3 Nf6 3. Nxe5 d6 4. Nf3 Nxe4 5. Nc3 Nf6 6. d4 d5 7. Bd3 Be7 8.
Bf4 O-O 9. Qd2 c6 10. a3 a5 11. O-O b6 12. b4 Nbd7 13. b5 c5 14. Bf5 Bb7 15.
Qd3 g6 16. Bxd7 Nxd7 17. Ne5 Nxe5 18. Bxe5 f6 19. Bf4 cxd4 20. Qxd4 Bc5 21. Qd3
Rc8 22. Bh6 Re8 23. Rfd1 Re5 24. Bf4 Rf5 25. Ne2 Bd6 26. Bg3 Qc7 27. Nd4 Rh5
28. Qf3 Be5 29. Rac1 Qc4 30. c3 Bxd4 31. Rxd4 Qxd4 32. Qe2 Qe4 0-1

[Event "Oslo Chess Festival 2017 "]
[Site "Quality Hotel Expo, Fornebu"]
[Date "2017.09.29"]
[Round "7.42"]
[White "Gabrielsen, Rasmus Arvola"]
[Black "Ski, Jonathan K"]
[Result "1/2-1/2"]
[WhiteElo "1612"]
[BlackElo "1848"]
[PlyCount "112"]
[EventDate "2017.??.??"]

1. e4 e6 2. d4 d5 3. Nd2 Nf6 4. e5 Nfd7 5. Ngf3 c5 6. c3 Nc6 7. Be2 cxd4 8.
cxd4 Be7 9. O-O O-O 10. Nb3 f6 11. exf6 Nxf6 12. Re1 Bd7 13. h3 Qe8 14. Bd3 Qh5
15. Bd2 Bd6 16. Rc1 Nb4 17. Bxb4 Bxb4 18. Rf1 Bd6 19. Ne5 Bxe5 20. Qxh5 Nxh5
21. dxe5 Nf4 22. Rfd1 Rac8 23. Nc5 Nxd3 24. Nxd3 b6 25. Rxc8 Rxc8 26. Rc1 Rxc1+
27. Nxc1 Kf7 28. f4 g5 29. g3 gxf4 30. gxf4 Kg6 31. Kf2 Kf5 32. Ke3 d4+ 33.
Kxd4 Kxf4 34. Ne2+ Kf3 35. Nc3 Kg3 36. Ne4+ Kxh3 37. Ng5+ Kg4 38. Nxh7 Kf5 39.
Nf6 Bc6 40. a3 a6 41. b4 Kg6 42. Ne4 Bxe4 43. Kxe4 Kg5 44. a4 a5 45. bxa5 bxa5
46. Kd3 Kf5 47. Kd4 Kf4 48. Kc5 Kxe5 49. Kb6 Kd5 50. Kxa5 Kc5 51. Ka6 e5 52. a5
Kc6 53. Ka7 Kc7 54. a6 e4 55. Ka8 e3 56. a7 Kc8 1/2-1/2

[Event "Oslo Chess Festival 2017 "]
[Site "Quality Hotel Expo, Fornebu"]
[Date "2017.09.29"]
[Round "7.45"]
[White "Selvik, Kjetil"]
[Black "Aure, Anders Nilsson"]
[Result "0-1"]
[WhiteElo "1517"]
[BlackElo "1803"]
[PlyCount "124"]
[EventDate "2017.??.??"]

1. d4 Nf6 2. Bf4 d5 3. e3 Bf5 4. c4 g6 5. Nc3 Bg7 6. Qb3 Nbd7 7. Nxd5 Nxd5 8.
cxd5 Nb6 9. Bb5+ Bd7 10. Bc4 Nxc4 11. Qxc4 c6 12. dxc6 Bxc6 13. Nf3 Rc8 14. Qb4
O-O 15. O-O Re8 16. Rac1 Be4 17. Ng5 Bc6 18. Rfd1 Qd5 19. f3 Qxa2 20. Ra1 Qd5
21. Rxa7 Qf5 22. Qb3 h6 23. g4 Qf6 24. d5 hxg5 25. Bg3 Qxf3 26. dxc6 bxc6 27.
Rf1 Qd5 28. Qxd5 cxd5 29. b4 d4 30. e4 d3 31. Rd7 Rcd8 32. Rxd8 Rxd8 33. e5 Rd4
34. b5 Rb4 35. Rd1 Rxb5 36. Rxd3 Bxe5 37. Bf2 Rb2 38. Rf3 Rb4 39. h3 Bd4 40.
Bxd4 Rxd4 41. Re3 Kf8 42. Kf2 f5 43. Re6 Kf7 44. gxf5 gxf5 45. Re5 Kf6 46. Ra5
e6 47. Ra3 Rh4 48. Kg3 f4+ 49. Kg2 g4 50. hxg4 Rxg4+ 51. Kf2 Rg3 52. Rxg3 fxg3+
53. Kxg3 Ke5 54. Kf3 Kd4 55. Ke2 Ke4 56. Kf2 Kd3 57. Ke1 e5 58. Kd1 e4 59. Ke1
Ke3 60. Kf1 Kd2 61. Kf2 e3+ 62. Kf1 e2+ 0-1

[Event "Oslo Chess Festival 2017 "]
[Site "Quality Hotel Expo, Fornebu"]
[Date "2017.09.29"]
[Round "7.43"]
[White "Sidali, Elias Hulleberg"]
[Black "Haynes, Noah"]
[Result "1-0"]
[WhiteElo "1763"]
[BlackElo "1114"]
[PlyCount "61"]
[EventDate "2017.??.??"]

1. e4 c5 2. Nc3 Nc6 3. Nge2 d6 4. g3 Nf6 5. Bg2 g6 6. O-O Bg7 7. d3 O-O 8. h3
Bd7 9. Be3 Qc8 10. Kh2 Rb8 11. a4 Ne5 12. Qc1 a6 13. a5 Nc6 14. Na4 Nxa5 15.
Nxc5 dxc5 16. Rxa5 b6 17. Ra1 e5 18. f4 Nh5 19. g4 Nxf4 20. Nxf4 exf4 21. Bxf4
Ra8 22. Bh6 Bxh6 23. Qxh6 Bc6 24. Rf6 b5 25. Raf1 a5 26. g5 Qc7+ 27. R1f4 Rad8
28. Kg1 b4 29. Rh4 Rfe8 30. Qxh7+ Kf8 31. Rhf4 1-0

[Event "Oslo Chess Festival 2017 "]
[Site "Quality Hotel Expo, Fornebu"]
[Date "2017.09.29"]
[Round "7.49"]
[White "Schouten, Mathias Lind"]
[Black "Roksvold, Thore"]
[Result "1-0"]
[WhiteElo "1718"]
[BlackElo "1479"]
[PlyCount "135"]
[EventDate "2017.??.??"]

1. e4 g6 2. d4 Bg7 3. Nc3 d6 4. Nf3 a6 5. Be3 b5 6. a3 Nd7 7. Be2 Bb7 8. O-O e5
9. dxe5 Nxe5 10. Nxe5 Bxe5 11. Bd4 Qf6 12. Bxe5 Qxe5 13. Bf3 Ne7 14. Re1 O-O
15. Rb1 Qg7 16. g3 Rad8 17. Nd5 Nxd5 18. exd5 Rfe8 19. c3 Re5 20. Qb3 Bc8 21.
c4 Bd7 22. cxb5 axb5 23. Kg2 f6 24. Rxe5 fxe5 25. Rc1 Rc8 26. Qe3 g5 27. Qa7 h6
28. Kg1 Bh3 29. Bg2 Bf5 30. Qb7 Qd7 31. Qc6 g4 32. f3 Kf8 33. fxg4 Qxc6 34.
Rxc6 Bd7 35. Rc3 Bxg4 36. Kf2 Ke7 37. Rb3 Rb8 38. Bf1 Bd7 39. Rb4 Rb6 40. Rh4
b4 41. axb4 Bb5 42. Rxh6 Bxf1 43. Kxf1 Rxb4 44. Rh7+ Kd8 45. Ke2 Rd4 46. h4
Rxd5 47. g4 e4 48. g5 Re5 49. g6 Ke8 50. Rxc7 Kf8 51. Ke3 Rh5 52. Rh7 Rb5 53.
Kxe4 Rxb2 54. Kd5 Rh2 55. Kxd6 Kg8 56. h5 Rg2 57. Ke6 Re2+ 58. Kf6 Rf2+ 59. Kg5
Rg2+ 60. Kh6 Ra2 61. Rb7 Ra8 62. Rb5 Rc8 63. Kg5 Ra8 64. h6 Rc8 65. h7+ Kg7 66.
Rb7+ Kh8 67. Kh6 Rc7 68. Rb8+ 1-0

[Event "Oslo Chess Festival 2017 "]
[Site "Quality Hotel Expo, Fornebu"]
[Date "2017.09.29"]
[Round "7.46"]
[White "Dahl, Max"]
[Black "Nordquelle, Amelia"]
[Result "1-0"]
[WhiteElo "1670"]
[BlackElo "1546"]
[PlyCount "169"]
[EventDate "2017.??.??"]

1. e4 e5 2. Nf3 Nc6 3. Bb5 a6 4. Ba4 b5 5. Bb3 Bc5 6. O-O d6 7. h3 Nf6 8. Re1
O-O 9. c3 Re8 10. Bc2 d5 11. exd5 Nxd5 12. d4 exd4 13. Rxe8+ Qxe8 14. cxd4 Bb6
15. Nc3 Qd7 16. Bb3 Nce7 17. Ne5 Qe6 18. Bf4 Bb7 19. Qd2 Rd8 20. Nf3 Qc6 21.
Bg5 f6 22. Be3 Kh8 23. Rc1 Qd7 24. Qe2 Ba7 25. Ne1 b4 26. Na4 Bc6 27. Nc5 Bxc5
28. Rxc5 Bb5 29. Bc4 Bxc4 30. Qxc4 Qa4 31. Qb3 Qxb3 32. axb3 c6 33. Nc2 Rb8 34.
Ra5 Rb6 35. Kf1 Kg8 36. Ke2 Kf7 37. Kd3 Nxe3 38. fxe3 Nd5 39. Kc4 Kg6 40. e4
Nf4 41. Nxb4 Nxg2 42. Kc5 Rb8 43. Rxa6 Rb5+ 44. Kc4 Ne3+ 45. Kc3 Nd1+ 46. Kc2
Rxb4 47. Kxd1 Rxd4+ 48. Kc2 Rxe4 49. Rxc6 Re2+ 50. Kb1 Rh2 51. Rc3 Re2 52. b4
Re4 53. Rb3 Kf7 54. b5 Re8 55. Kc2 Rb8 56. Kc3 Ke6 57. Kb4 Kd6 58. Ka5 Kc7 59.
b6+ Kb7 60. Rd3 Kc6 61. Rc3+ Kd6 62. Ka6 Ra8+ 63. Kb7 Ra5 64. Ra3 Re5 65. Ka7
Re2 66. b7 Rxb2 67. b8=Q+ Rxb8 68. Kxb8 g5 69. h4 Ke5 70. Ra5+ Kf4 71. h5 Kg4
72. Ra6 Kxh5 73. Rxf6 g4 74. Kc7 Kg5 75. Rf7 h5 76. Kd6 h4 77. Ke5 h3 78. Rg7+
Kh4 79. Kf4 Kh5 80. Rh7+ Kg6 81. Rh4 h2 82. Rxh2 g3 83. Kxg3 Kf5 84. Rh4 Kg5
85. Ra4 1-0

[Event "Oslo Chess Festival 2017 "]
[Site "Quality Hotel Expo, Fornebu"]
[Date "2017.09.29"]
[Round "7.48"]
[White "Martinsen, Vegard"]
[Black "HÃ¥nes, Sturle"]
[Result "0-1"]
[WhiteElo "1443"]
[BlackElo "1300"]
[PlyCount "86"]
[EventDate "2017.??.??"]

1. e4 c5 2. d4 cxd4 3. c3 dxc3 4. Nxc3 g6 5. Bc4 Bg7 6. Qf3 e6 7. Nb5 Be5 8.
Bf4 Nc6 9. Ne2 a6 10. Bxe5 Nxe5 11. Nd6+ Kf8 12. Qc3 f6 13. Bb3 Nc6 14. O-O Qa5
15. Qd3 Ne5 16. Qc2 Ne7 17. Nc4 Qc5 18. Rad1 Nxc4 19. Qxc4 Qxc4 20. Bxc4 d5 21.
exd5 exd5 22. Bxd5 Nxd5 23. Rxd5 Be6 24. Rd6 Re8 25. Nd4 Bxa2 26. Rxf6+ Kg7 27.
Rb6 Bd5 28. h4 Re4 29. Nf3 Bc6 30. Rd1 Rhe8 31. Kh2 Re2 32. Kg3 Rf8 33. Ng5
Rfxf2 34. Rxb7+ Bxb7 35. Rd7+ Kg8 36. Rxb7 Rxg2+ 37. Kf4 Rxb2 38. Ra7 Rgf2+ 39.
Nf3 Rb3 40. Rxa6 Rbxf3+ 41. Kg4 Rf4+ 42. Kg3 R2f3+ 43. Kg2 Rb3 0-1

[Event "Oslo Chess Festival 2017 "]
[Site "Quality Hotel Expo, Fornebu"]
[Date "2017.09.29"]
[Round "7.51"]
[White "WÃ¦rstad, Leif E"]
[Black "Madsen, Ã~ystein"]
[Result "1-0"]
[WhiteElo "1614"]
[BlackElo "1169"]
[PlyCount "95"]
[EventDate "2017.??.??"]

1. d4 g6 2. Nf3 Bg7 3. c4 Nf6 4. e3 d6 5. Nc3 Bf5 6. Be2 Nbd7 7. Nh4 Nb6 8.
Nxf5 gxf5 9. O-O e6 10. Rb1 Qe7 11. Bf3 Rb8 12. b3 c6 13. Bb2 e5 14. dxe5 dxe5
15. e4 f4 16. Qe2 Rd8 17. Rfd1 O-O 18. a3 Rxd1+ 19. Rxd1 Rd8 20. Rxd8+ Qxd8 21.
c5 Nc8 22. b4 a6 23. Nb1 Ne8 24. Nd2 f6 25. Bg4 Nc7 26. a4 Kf7 27. Nc4 Bf8 28.
Bc3 Be7 29. Na5 b6 30. Nxc6 Qf8 31. Qc4+ Kg7 32. Bxc8 b5 33. axb5 axb5 34. Qd3
Kf7 35. Bf5 h6 36. Nxe7 Qxe7 37. h3 Kg7 38. f3 Kf7 39. Bd2 h5 40. Bd7 Qd8 41.
Bxb5 Qxd3 42. Bxd3 Ke7 43. b5 Kd7 44. Kf2 h4 45. c6+ Kc8 46. b6 Ne8 47. Bb4 Kb8
48. Bb5 1-0

[Event "Oslo Chess Festival 2017 "]
[Site "Quality Hotel Expo, Fornebu"]
[Date "2017.09.29"]
[Round "7.47"]
[White "Eidukas, Paulius"]
[Black "Vangen, David Luangtep"]
[Result "1/2-1/2"]
[WhiteElo "1546"]
[BlackElo "1499"]
[PlyCount "77"]
[EventDate "2017.??.??"]

1. e4 e5 2. Nf3 Nc6 3. Bb5 a6 4. Ba4 Nf6 5. O-O b5 6. Bb3 Be7 7. Re1 O-O 8. c3
d6 9. h3 Bd7 10. d4 exd4 11. cxd4 Na5 12. Bc2 h6 13. Nc3 c5 14. e5 dxe5 15.
dxe5 Ne8 16. Nd5 Nc7 17. Qd3 g6 18. Bxh6 Re8 19. Nxe7+ Qxe7 20. Rad1 Bf5 21.
Qe2 Bxc2 22. Qxc2 Ne6 23. h4 Nc6 24. Bg5 Nxg5 25. hxg5 Rad8 26. e6 Rxd1 27.
exf7+ Qxf7 28. Rxd1 c4 29. Rd6 Re6 30. Qd2 Qf5 31. Rxe6 Qxe6 32. Qf4 Qe7 33.
Nd4 Nxd4 34. Qxd4 Qxg5 35. a4 Qc1+ 36. Kh2 bxa4 37. Qd8+ Kf7 38. Qd7+ Kf8 39.
Qd8+ 1/2-1/2

[Event "Oslo Chess Festival 2017 "]
[Site "Quality Hotel Expo, Fornebu"]
[Date "2017.09.29"]
[Round "7.52"]
[White "Kalkman De Koster, Franzke"]
[Black "Beitnes, Andreas RÃ¸berg"]
[Result "1-0"]
[WhiteElo "1538"]
[BlackElo "1430"]
[PlyCount "119"]
[EventDate "2017.??.??"]

1. d4 Nf6 2. c4 c5 3. d5 e6 4. dxe6 fxe6 5. Nc3 d5 6. cxd5 exd5 7. e3 Nc6 8.
Bb5 Qd6 9. Nf3 a6 10. Be2 Bf5 11. a3 b5 12. Bd3 Bg4 13. O-O Ne5 14. Be2 h5 15.
h3 Bxf3 16. Bxf3 Neg4 17. g3 Be7 18. hxg4 hxg4 19. Bxg4 Nxg4 20. Qxg4 Qh6 21.
Kg2 Qh2+ 22. Kf3 O-O+ 23. Ke2 Rad8 24. Qe6+ Rf7 25. Nxd5 Qh5+ 26. g4 Qxd5 27.
Qxd5 Rxd5 28. Bd2 Bf6 29. Rab1 Rfd7 30. Rfd1 Bh4 31. Be1 c4 32. Rxd5 Rxd5 33.
Rd1 Rxd1 34. Kxd1 Kf7 35. f4 Bf6 36. Bc3 Be7 37. Ke2 g6 38. Kf3 Ke6 39. Ke4 Bd8
40. Kd4 Bf6+ 41. Ke4 Bd8 42. Kf3 a5 43. e4 Kd6 44. Bd4 b4 45. a4 Kc6 46. Ke3
Be7 47. g5 Bc5 48. Bxc5 Kxc5 49. f5 c3 50. bxc3 bxc3 51. Kd3 Kb4 52. fxg6 Kb3
53. g7 Kb2 54. g8=Q c2 55. Qc8 c1=Q 56. Qxc1+ Ka2 57. g6 Kb3 58. g7 Kxa4 59.
g8=Q Kb4 60. Qb8+ 1-0

[Event "Oslo Chess Festival 2017 "]
[Site "Quality Hotel Expo, Fornebu"]
[Date "2017.09.29"]
[Round "7.53"]
[White "Hestvik, Elias"]
[Black "Kreken, Eivind Grunt"]
[Result "0-1"]
[WhiteElo "1354"]
[BlackElo "1486"]
[PlyCount "56"]
[EventDate "2017.??.??"]

1. e4 c5 2. Nf3 d6 3. d4 cxd4 4. Nxd4 Nf6 5. Nc3 a6 6. Be3 e5 7. Nb3 Be6 8. f3
Nc6 9. Be2 Be7 10. O-O b5 11. a3 O-O 12. Nd5 Bxd5 13. exd5 Nb8 14. c4 bxc4 15.
Bxc4 Nbd7 16. Bd2 Qb6+ 17. Kh1 Rfc8 18. Ba5 Qb7 19. Rc1 Nb6 20. Bxb6 Qxb6 21.
Qd3 a5 22. Rc2 Rc7 23. Rfc1 Rac8 24. Nd2 Nd7 25. Ne4 Nc5 26. Nxc5 Rxc5 27. Ba2
Qxb2 28. Qb3 Rxc2 0-1

[Event "Oslo Chess Festival 2017 "]
[Site "Quality Hotel Expo, Fornebu"]
[Date "2017.09.29"]
[Round "7.57"]
[White "Smedsrud, Morten S"]
[Black "Engevik, Sissel Merete"]
[Result "1/2-1/2"]
[WhiteElo "1371"]
[BlackElo "1092"]
[PlyCount "64"]
[EventDate "2017.??.??"]

1. d4 d5 2. c4 Nf6 3. cxd5 Nxd5 4. e4 Nf6 5. Nc3 e6 6. Nf3 Bb4 7. Qa4+ Nc6 8.
Bg5 Qd7 9. Bxf6 gxf6 10. Bb5 Bxc3+ 11. bxc3 a6 12. Rd1 O-O 13. d5 exd5 14. exd5
Qe7+ 15. Kf1 Ne5 16. Nxe5 fxe5 17. Rd3 Bf5 18. Rg3+ Bg6 19. Bd3 f5 20. Qc4 e4
21. Bc2 b5 22. Qd4 Rad8 23. Bb3 Qf6 24. Qd2 Qd6 25. h4 h5 26. Qh6 Rf6 27. Qxh5
Kf7 28. Qg5 Rg8 29. Rgh3 Bh7 30. Qh5+ Bg6 31. Qg5 Bh7 32. Qh5+ Bg6 1/2-1/2

[Event "Oslo Chess Festival 2017 "]
[Site "Quality Hotel Expo, Fornebu"]
[Date "2017.09.29"]
[Round "7.56"]
[White "Naudeer, Terje Skonseng"]
[Black "Vestby, Anniken"]
[Result "0-1"]
[WhiteElo "1207"]
[BlackElo "1289"]
[PlyCount "162"]
[EventDate "2017.??.??"]

1. e4 c6 2. d4 d5 3. Nc3 dxe4 4. Nxe4 Bf5 5. Ng3 Bg6 6. h4 h6 7. h5 Bh7 8. Nf3
Nd7 9. Bc4 e6 10. O-O Bd6 11. Ne2 Ngf6 12. Bf4 Qc7 13. Bxd6 Qxd6 14. Ng3 O-O-O
15. Re1 Rhe8 16. c3 Nb6 17. Bb3 Nbd5 18. Ne5 Bg8 19. Qd2 Nd7 20. Ne4 Qe7 21.
Nc4 N7f6 22. Ned6+ Rxd6 23. Nxd6+ Qxd6 24. Bxd5 Qxd5 25. Re5 Qd8 26. Qe2 Nd7
27. Re3 f5 28. f4 Nf6 29. b4 Bf7 30. Rh3 Ne4 31. Rc1 Qd5 32. Qc2 b5 33. a4 a6
34. axb5 cxb5 35. Ra1 Qd6 36. g3 Nf6 37. Qg2 Nxh5 38. Qa8+ Qb8 39. Qxa6+ Qb7
40. Qa8+ Qb8 41. Qxb8+ Kxb8 42. Ra5 Kc7 43. Rxb5 Ra8 44. Ra5 Rb8 45. Kf2 Nf6
46. Ke3 Ne4 47. Ra7+ Rb7 48. Rxb7+ Kxb7 49. c4 Be8 50. Rh1 Nxg3 51. Rg1 Nh5 52.
Kf2 Kc6 53. b5+ Kd6 54. Ke3 Bd7 55. Ra1 Nf6 56. Ra6+ Kc7 57. Ra4 Kb6 58. Ra6+
Kb7 59. Kd3 Ne4 60. Ra2 Nf6 61. Rb2 g5 62. fxg5 hxg5 63. c5 Nd5 64. Kc4 Nc7 65.
b6 Nd5 66. Rb1 g4 67. Rg1 Nxb6+ 68. cxb6 Kxb6 69. Rb1+ Kc6 70. Rf1 Kd6 71. Rf4
e5 72. dxe5+ Kxe5 73. Rd4 Be6+ 74. Kd3 g3 75. Ke2 Bd5 76. Rd1 f4 77. Kd2 g2 78.
Rg1 Kf5 79. Ke2 Kg4 80. Kf2 Kh3 81. Re1 f3 0-1

[Event "Oslo Chess Festival 2017 "]
[Site "Quality Hotel Expo, Fornebu"]
[Date "2017.09.29"]
[Round "7.54"]
[White "Selvik, Elma"]
[Black "Afsari-Rad, Aidin"]
[Result "0-1"]
[WhiteElo "1186"]
[BlackElo "1770"]
[PlyCount "44"]
[EventDate "2017.??.??"]

1. e4 e5 2. Nf3 Nc6 3. d4 exd4 4. Nxd4 Bc5 5. Be3 Qf6 6. c3 Nge7 7. Qd2 O-O 8.
Bc4 Ne5 9. Bb3 Qa6 10. Nf5 Nxf5 11. Bxc5 Nd3+ 12. Kd1 Nxc5 13. exf5 Nxb3 14.
Qc2 Nxa1 15. Qc1 Re8 16. Re1 Rxe1+ 17. Kxe1 Qxa2 18. Na3 d6 19. g4 Bd7 20. h4
Re8+ 21. Kf1 Qd5 22. Qxa1 Qh1# 0-1

[Event "Oslo Chess Festival 2017 "]
[Site "Quality Hotel Expo, Fornebu"]
[Date "2017.09.29"]
[Round "1"]
[White "Enersen, Eirik S."]
[Black "Gajewski, Grzegorz"]
[Result "0-1"]
[WhiteElo "1911"]
[BlackElo "2630"]
[PlyCount "64"]
[EventDate "2017.??.??"]

1. e4 c5 2. Nf3 e6 3. b3 Nc6 4. Bb2 a6 5. c4 Nf6 6. e5 Ng4 7. h3 Nh6 8. Be2 Nf5
9. O-O d6 10. exd6 Bxd6 11. Bd3 Nfd4 12. Nxd4 cxd4 13. Be4 e5 14. Re1 O-O 15.
c5 Bxc5 16. Bxc6 bxc6 17. Rxe5 Bd6 18. Re1 Bc7 19. Ba3 Re8 20. d3 Rxe1+ 21.
Qxe1 Bf5 22. Qd1 Qg5 23. Nd2 Bxh3 24. Qf3 Bd7 25. Ne4 Qh6 26. g3 Re8 27. Rc1 f5
28. Nc5 Bc8 29. Na4 f4 30. Rf1 Bh3 31. Bc1 Bxf1 32. Kxf1 Qh3+
0-1

[Event "Oslo Chess Festival 2017 "]
[Site "Quality Hotel Expo, Fornebu"]
[Date "2017.09.29"]
[Round "1"]
[White "Vovk, Andriy"]
[Black "Roque Sola, Andrea"]
[Result "1-0"]
[WhiteElo "2622"]
[BlackElo "1900"]
[PlyCount "37"]
[EventDate "2017.??.??"]

1. e4 e6 2. d4 d5 3. Nd2 dxe4 4. Nxe4 Nf6 5. Nxf6+ Qxf6 6. Nf3 h6 7. Be3 Nd7 8.
Bd3 Bd6 9. Qd2 O-O 10. O-O-O e5 11. Rhe1 Qe6 12. d5 Qg4 13. h3 Qa4 14. Bxh6
gxh6 15. Re4 Qxe4 16. Bxe4 f5 17. Qxh6 fxe4 18. Qg6+ Kh8 19. Ng5
1-0

[Event "Oslo Chess Festival 2017 "]
[Site "Quality Hotel Expo, Fornebu"]
[Date "2017.09.29"]
[Round "1"]
[White "Abdrlauf, Elham"]
[Black "Maze, Sebastien"]
[Result "0-1"]
[WhiteElo "1899"]
[BlackElo "2614"]
[PlyCount "74"]
[EventDate "2017.??.??"]

1. d4 Nf6 2. Nc3 d5 3. Bf4 c6 4. e3 Bf5 5. Bd3 Bg6 6. Nf3 Nbd7 7. O-O e6 8. Re1
Bb4 9. a3 Bxc3 10. bxc3 O-O 11. c4 Ne4 12. Bxe4 Bxe4 13. Nd2 Bg6 14. cxd5 exd5
15. c4 Nb6 16. c5 Nd7 17. Nf3 b5 18. a4 a6 19. Ne5 Nxe5 20. Bxe5 Qd7 21. axb5
axb5 22. Qd2 Qb7 23. Qb4 Ra6 24. Ra5 Rxa5 25. Qxa5 Ra8 26. Qb6 Qc8 27. f3 f6
28. Bd6 Ra6 29. Qc7 Qxc7 30. Bxc7 b4 31. e4 dxe4 32. fxe4 b3 33. Rb1 Ra3 34.
Bf4 Bxe4 35. Rb2 Bc2 36. Bd2 Kf7 37. Kf2 Ke6
0-1

[Event "Oslo Chess Festival 2017 "]
[Site "Quality Hotel Expo, Fornebu"]
[Date "2017.09.29"]
[Round "1"]
[White "Cornette, Matthieu"]
[Black "Nilsen, Tobias Lang"]
[Result "1-0"]
[WhiteElo "2602"]
[BlackElo "1899"]
[PlyCount "29"]
[EventDate "2017.??.??"]

1. e4 c5 2. Nc3 d6 3. f4 g6 4. Nf3 Bg7 5. Bb5+ Bd7 6. Bc4 e6 7. O-O Ne7 8. d3
a6 9. f5 gxf5 10. Ng5 h5 11. exf5 d5 12. f6 dxc4 13. fxg7 Rg8 14. Rxf7 Bc6 15.
Rf8+
1-0

[Event "Oslo Chess Festival 2017 "]
[Site "Quality Hotel Expo, Fornebu"]
[Date "2017.09.29"]
[Round "1"]
[White "Sajjadi, Kimiya"]
[Black "Urkedal, Frode Olav Olsen"]
[Result "0-1"]
[WhiteElo "1893"]
[BlackElo "2570"]
[PlyCount "54"]
[EventDate "2017.??.??"]

1. d4 Nf6 2. c4 e6 3. Nc3 Bb4 4. Qc2 b6 5. e4 c5 6. d5 Qe7 7. Be2 d6 8. Be3 O-O
9. Nf3 Bxc3+ 10. bxc3 exd5 11. exd5 Bg4 12. a4 Nbd7 13. O-O Rfe8 14. h3 Bxf3
15. Bxf3 Ne5 16. Be2 Ng6 17. Rfb1 Ne4 18. Bd3 Qh4 19. a5 bxa5 20. Rxa5 f5 21.
Ra6 Nf4 22. Bxf4 Qxf4 23. Rb7 Ng5 24. Qb1 Qd2 25. Qc2 Re1+ 26. Kh2 Qf4+ 27. g3
Nf3+
0-1

[Event "Oslo Chess Festival 2017 "]
[Site "Quality Hotel Expo, Fornebu"]
[Date "2017.09.29"]
[Round "1"]
[White "Chatalbashev, Boris"]
[Black "Melaa, Sondre Lillestøl"]
[Result "1-0"]
[WhiteElo "2537"]
[BlackElo "1883"]
[PlyCount "59"]
[EventDate "2017.??.??"]

1. d4 Nf6 2. c4 e6 3. Nc3 Bb4 4. Nf3 O-O 5. Bg5 d5 6. cxd5 exd5 7. Qb3 Bxc3+ 8.
bxc3 Nbd7 9. e3 c5 10. Be2 c4 11. Qc2 Qa5 12. Nd2 Re8 13. O-O h6 14. Bh4 Qa3
15. Bf3 b5 16. Rab1 Rb8 17. e4 Bb7 18. e5 Ne4 19. Bxe4 dxe4 20. Rxb5 Ba6 21.
Rxb8 Rxb8 22. Nxe4 Rb2 23. Qd1 Bb7 24. Nd6 Bd5 25. Nf5 Be4 26. Nxh6+ gxh6 27.
Qg4+ Bg6 28. Qxd7 Rxa2 29. Qc8+ Qf8 30. Qxc4
1-0